| 000 | 01313nam a22003617a 4500 | ||
|---|---|---|---|
| 003 | CHAP | ||
| 005 | 20220329143706.0 | ||
| 008 | 110202s2007 mx a r 00010 spa d | ||
| 010 | _a100424 | ||
| 011 | _a101396 | ||
| 020 | _a9707022430 | ||
| 035 | _a112084 | ||
| 040 | _cCHAP | ||
| 082 | 0 | 0 |
_a325.1 _bM52 |
| 245 | 0 | 0 |
_aMentes hibridas : _blo que la migración y la educación hacen en contexto _c/coordinado por Héctor Manuel Jacobo García ...[et al.] |
| 260 |
_aCuliacán, Sin. : _bUniversidad Pedagógica Nacional, Unidad 251, _c2007 |
||
| 300 |
_a190 p. : _bilus., diagramas, gráfs., tablas |
||
| 590 |
_aBATCH-UPD _b10 _c20130110 _lUCH01 _h1336 |
||
| 590 |
_aBATCH-UPD _b10 _c20130410 _lUCH01 _h0839 |
||
| 590 |
_aBATCH-UPD _b10 _c20130914 _lUCH01 _h1239 |
||
| 590 |
_aCONVERSION _b10 _c20130109 _lUCH01 _h1355 |
||
| 650 | 1 | 4 |
_aEducación _xInvestigación. _935457 |
| 650 | 1 | 4 |
_aEducación _xPsicología. _935475 |
| 650 | 1 | 4 |
_aEmigración e inmigración. _936517 |
| 650 | 1 | 4 |
_aFormación de profesores. _942392 |
| 650 | 1 | 4 |
_aMigración de profesionales. _975601 |
| 650 | 1 | 4 |
_aTrabajo infantil. _9114501 |
| 700 | 1 |
_aJacobo García, Héctor Manuel _e, coord. _960846 |
|
| 901 | _aBK | ||
| 911 | _aen proceso | ||
| 942 | _cLIBRO | ||
| 949 |
_a325.1 M52 _bBC _cLIBRO _d33724002232991 _eLIBRO _h114146 _i112084 _sb |
||
| 999 |
_c100424 _d100424 |
||